Primitive revolutionaries of China : a study of secret societies in the late nineteenth century /

Bibliographic Details
Main Author: Davis, Fei-ling
Format: Book
Language:English
Italian
Published: Honolulu : University Press of Hawaii, [1977]
Subjects:

MARC

Tag First Indicator Second Indicator Subfields
LEADER 00000cam a2200000 i 4500
001 in00000300113
005 20151010154919.0
008 770908s1977 hiua b 00110 eng
010 |a  76045585  
020 |a 0824805224 :  |c $10.00 
035 |a (OCoLC)02980716 
035 |9 ABJ3060AM 
040 |a DLC  |c DLC  |d OCL  |d TXA  |d UtOrBLW 
041 1 |a eng  |a ita 
043 |a a-cc--- 
049 |a TXAM  |c [1614027] 
050 0 0 |a HS310  |b .D3913 1977 
082 0 |a 366/.0951 
100 1 |a Davis, Fei-ling. 
240 1 3 |a Le societa segrete in Cina, 1840-1911. English 
245 1 0 |a Primitive revolutionaries of China :  |b a study of secret societies in the late nineteenth century /  |c Fei-ling Davis. 
264 1 |a Honolulu :  |b University Press of Hawaii,  |c [1977] 
264 4 |c ©1977 
300 |a vii, 254 pages :  |b illustrations ;  |c 23 cm. 
336 |a text  |b txt  |2 rdacontent 
337 |a unmediated  |b n  |2 rdamedia 
338 |a volume  |b nc  |2 rdacarrier 
500 |a Translation of Le societa segrete in Cina, 1840-1911. 
500 |a Includes index. 
504 |a Bibliography: pages 240-248. 
650 0 |a Secret societies  |z China  |x History. 
999 |a MARS 
999 f f |s 6958f1ad-1886-30d4-ad4c-e4a2cdec27be  |i a50969a9-4940-3663-94cb-dcc5da38f63d  |t 0 
952 f f |p ric  |a Texas A&M University  |b Rellis Campus  |c Joint Library Facility  |d Remote Storage  |t 0  |e HS310 .D3913 1977  |h Library of Congress classification  |i unmediated -- volume  |m A14802985318 
998 f f |a HS310 .D3913 1977  |t 0  |l Remote Storage